| 000 | 00512cam a2200205ua 4500 | ||
|---|---|---|---|
| 001 | 8065 | ||
| 005 | 20260515114306.0 | ||
| 008 | 150108n ii |||gr||||Z||||||hin | ||
| 040 | _cMAIN | ||
| 041 | _ahin | ||
| 082 | _a891.434 | ||
| 100 |
_aGupta, G. Ch., _eAuthor. |
||
| 245 | 1 |
_aSahityik nibandh _cBy Ganpati Chandra Gupta |
|
| 250 | _a17th rev. | ||
| 260 |
_aIlahabad: _bLokbharati, _c2000. |
||
| 300 | _a782p. | ||
| 653 | _aEast Indo-European & Celtic literatures | ||
| 653 | _aHindi essays | ||
| 942 | _cBK | ||
| 999 |
_c7176 _d7176 |
||